Wörtersalat 2 - Statistiken

Allgemein
  • Dieses Quiz wurde 179 mal gespielt
  • Das Durchschnittsergebnis liegt bei 20 aus 30
Antwortstatistiken
Buchstabensalat Antwort % Korrekt
OXB Box
95%
IHSFC Fisch
95%
UMAB Baum
93%
RBTO Brot
93%
SMUA Maus
93%
OOFT Foto
91%
HTICL Licht
91%
VAAL Lava
90%
HUCBS Busch
89%
ZFLI Filz
88%
EBRFI Brief
86%
ZÜMTE Mütze
85%
HMLIC Milch
84%
ECLSHU Schule
84%
LBTAT Blatt
80%
OGMAN Mango
80%
ATSAL Salat
69%
NCKUEH Kuchen
63%
NYHAD Handy
61%
ULZGFGEU Flugzeug
56%
KETAR Karte
54%
FORKFE Koffer
51%
ANLDE Laden
44%
GEELN Engel
42%
NRIFGE Finger
41%
KNSEIS Kissen
33%
TNAERLE Laterne
33%
EDRNOR Ordner
27%
LEVAKRI Klavier
20%
BSIREL Silber
12%
Keine übereinstimmenden Quizze gefunden
Verteilung der Resultate
Anzahl Personen mit jedem Resultat
Perzentil nach korrekt beantworteten Fragen
Ihre Resultats-Entwicklung
Sie haben dieses Quiz noch nicht gespielt